La educación de los jóvenes de origen senegalés en España (Record no. 180165)
[ view plain ]
| 000 -CABECERA | |
|---|---|
| campo de control de longitud fija | 02132nab a2200265 a 4500 |
| 005 - FECHA Y HORA DE LA ÚLTIMA TRANSACCIÓN | |
| campo de control | 20210219162642.0 |
| 008 - ELEMENTOS DE LONGITUD FIJA--INFORMACIÓN GENERAL | |
| campo de control de longitud fija | 991125s1985 mx 000 0 spa u |
| 035 ## - NÚMERO DE CONTROL DEL SISTEMA | |
| Número de control de sistema | UPN01000208064 |
| 049 ## - COLECCIÓN | |
| Colección | ART |
| 100 1# - ASIENTO PRINCIPAL--NOMBRE PERSONAL | |
| Nombre de persona | González Jiménez, Antonio José |
| 100 1# - ASIENTO PRINCIPAL--NOMBRE PERSONAL | |
| Filiación | ajgonzal@ual.es |
| 100 1# - ASIENTO PRINCIPAL--NOMBRE PERSONAL | |
| Nombre de persona | Soriano, Encarna |
| 100 1# - ASIENTO PRINCIPAL--NOMBRE PERSONAL | |
| Filiación | esoriano@ual.es |
| 222 #0 - TÍTULO CLAVE | |
| Título clave | EDUCATIO SIGLO XXI |
| 245 03 - MENCIÓN DE TÍTULO | |
| Título | La educación de los jóvenes de origen senegalés en España |
| 260 ## - PUBLICACIÓN, DISTRIBUCIÓN, ETC. | |
| Lugar de publicación, distribución, etc. | Murcia, España |
| 300 ## - DESCRIPCIÓN FÍSICA | |
| Extensión | 183-206 |
| 362 0# - FECHAS DE PUBLICACIÓN Y/O DESIGNACIÓN SECUENCIAL | |
| Fecha de publicación y/o designación secuencial | 2015 Volumen 33, número 2 |
| 520 ## - NOTA DE RESUMEN, ETC. | |
| Sumario, etc. | Esta investigación surge ante la inquietud de las asociaciones de inmigrantes senegaleses al observar valores, hábitos y actitudes que están adquiriendo los jóvenes senegaleses de segunda generación que distan de la cultura de sus progenitores. Para abordar este problema, se planteó los siguientes objetivos: Qué les exigen las familias senegalesas a los centros educativos españoles, qué valores, hábitos y actitudes deben conservar los jóvenes senegaleses de segunda generación, cuáles se pueden elaborar entre la escuela y el colectivo senegalés y por último, identificar estrategias entre escuela/familia que favorezcan la integración de estos jóvenes. La naturaleza de estos objetivos, nos conducen al diseño de una investigación etnográfica que se realiza en las asociaciones de inmigrantes senegaleses y en los comercios étnicos ubicados en Andalucía. Hemos realizado sesenta y una entrevistas semiestructuradas, dos grupos de discusión y también observación participante. Las conclusiones nos indican la necesidad de crear en las escuelas, entre las familias y la comunidad educativa, espacios positivos de socialización donde se fomenten valores, hábitos y actitudes adecuados, se prepare a los alumnos a convertirse en buenos ciudadanos en la comunidad senegalesa y en la sociedad de acogida y favorecer la adquisición positiva de procesos de aculturación |
| 653 0# - TERMINO DE INDIZACION - NO CONTROLADO | |
| Término no controlado | JOVENES SENEGALESES |
| 653 0# - TERMINO DE INDIZACION - NO CONTROLADO | |
| Término no controlado | FAMILIA INMIGRANTE |
| 653 0# - TERMINO DE INDIZACION - NO CONTROLADO | |
| Término no controlado | EDUCACION INTERCULTURAL |
| 653 0# - TERMINO DE INDIZACION - NO CONTROLADO | |
| Término no controlado | ANDALUCIA, ESPAÑA |
| 905 ## - TIPO DE MATERIAL | |
| Tipo de material | Articulo |
No items available.
